000 00589nam a2200181 4500
005 20250924105435.0
008 250924b |||||||| |||| 00| 0 eng d
020 _a9781835357354
082 _aDC 658.4012 St437 2025
100 _aStephens, Elisha.,
_968081
245 _aStrategic business management /
_cElisha Stephens.
260 _aUnited Kingdom :
_bED-Tech Press,
_c©2025.
300 _ax, 284 pages :
_billustrations ;
_c26 cm.
500 _aIncludes bibliography and index.
650 0 _aStrategic planning.
_968082
650 0 _aStrategic Management.
_968083
942 _2ddc
_cDC
999 _c23867
_d23867